LDR 00695naa#a2200169#i#450# 001 EN\\bibl\19750 005 20260603015157.3 100 ## _a20260601b2026####ek#y0engy0150####ca 102 ## _aRU 200 1# _aENVIRONMENTAL PROSPECTS FOR THE DEVELOPMENT OF PILGRIM TOURISM _eConference article/thesis 210 1# _aVoronezh _cFSBE Institution of Higher Education Voronezh State University of Forestry and Technologies named after G.F. Morozov _d2026 215 ## _a5 с. 608 ## _aConference article/thesis _2local 675 ## _aЦели региональной экономической политики. 332.142 _z 700 #1 _aVarguzina _gM. G. 700 #1 _aYakovenko _gNataliya Vladimirovna 856 4# _abibl.vgltu.ru _u